Medalhas do Brasil em Modalidades dos Jogos Olímpicos - Statistics

Estatísticas Gerais
  • Esse quiz foi jogado 292 vezes
    94 desde o último reset
  • A pontuação média é 13 de 19
Estatísticas das Respostas
Ouro Prata Bronze Modalidade % Correto
2 6 2 Futebol
99%
5 4 3 Voleibol
98%
5 4 12 Atletismo
94%
5 4 19 Judô
89%
1 4 10 Natação
89%
0 1 4 Basquetebol
84%
3 5 2 Ginástica Artística
80%
1 2 1 Tiro
78%
0 3 2 Skate
75%
8 3 8 Vela
71%
4 7 3 Voleibol de Praia
71%
2 2 5 Boxe
70%
0 0 1 Tênis
69%
1 3 1 Canoagem
61%
1 1 1 Surfe
59%
0 0 3 Taekwondo
51%
1 0 2 Hipismo
43%
0 0 1 Pentatlo Moderno
23%
1 0 1 Maratona Aquática
18%
Nenhum quiz correspondente encontrado
Distribuição das Pontuações
Porcentagem de Pessoas com Cada Pontuação
Percentil de Números Respondidos
Sua Pontuação Histórica
Você não jogou esse quiz desde o último reset